[Event "EU-Cup 32nd"]
[Site "Novi Sad"]
[Date "2016.11.09"]
[Round "4.1"]
[White "Harikrishna, Pentala"]
[Black "Bluebaum, Matthias"]
[Result "1-0"]
[WhiteElo "2768"]
[BlackElo "2641"]
[Annotator "Mekhitarian,K"]
[PlyCount "59"]
[EventDate "2016.11.06"]
[EventType "team-swiss"]
[EventRounds "7"]
[EventCountry "SRB"]
[SourceTitle "CBM 176"]
[Source "ChessBase"]
[SourceDate "2017.01.17"]
[SourceVersion "1"]
[SourceVersionDate "2017.01.17"]
[SourceQuality "1"]
[WhiteTeam "Novy Bor"]
[BlackTeam "Werder Bremen"]
[WhiteTeamCountry "CZE"]
[BlackTeamCountry "GER"]

1. e4 e6 2. d4 d5 3. Nc3 Nf6 4. e5 Nfd7 5. f4 c5 6. Nf3 Nc6 7. Be3 a6 8. Qd2 b5
9. dxc5 (9. a3 Qa5 10. Rb1 $5 {was played by Svidler the day before this game
against the very same Matthias Bluebaum: 1-0 (59) Svidler,P (2742)-Bluebaum,M 
(2641) Novi Sad 2016}) 9... Bxc5 10. Bd3 Qb6 (10... d4 $2 {is simply bad for
Black} 11. Nxd4 $1 Nxd4 (11... Bxd4 12. Bxd4 Nxd4 13. Be4 {[%csl Ra8,Rd4]}
Nxc2+ 14. Qxc2 Rb8 15. Rd1 $16) 12. Ne4 {threatening a simple move like c3} O-O
(12... Bb6 13. Nd6+ Kf8 14. Be4 $18) 13. c3 $16) 11. Bf2 $1 {A very good move,
introduced by Karjakin against Carlsen in 2011.} (11. Bxc5 {was the older move,
after which Black achieves a solid position:} Nxc5 12. Qf2 b4 13. Ne2 a5 14.
O-O Ba6 $1 {exchanging the light-squared bishop and starting some play on the
queenside and in the centre} 15. Kh1 Ne7 $1 {controlling f5} (15... Bxd3 $6 16.
cxd3 Qb5 $2 {it is funny that this position had been reached 13 times already,
and on only 3 occasions did White play the winning move 17.f5! (and won none
of those games!)} 17. f5 $1 Nxd3 18. Qg3 Nxb2 19. Ned4 $1 $146 {the computers
confirm - White has more than a 3 point advantage here, with a devastating
attack} (19. fxe6 $5 O-O 20. Nf4 (20. Ng5 $1 $18) 20... fxe6 21. Nxe6 Rf7 22.
Neg5 Re7 23. e6 $2 (23. Nh4 $1 $40) 23... h6 $1 $13 {½-½ (52) Brustman,A 
(2415)-Hagarova,Z (2275) Pula 1997, with complicated play.}) 19... Nxd4 20.
Nxd4 Qb6 21. fxe6 fxe6 22. Qf2 $1 $18 {[%csl Gb2,Gf7]}) 16. Rad1 Na4 $5 17.
Qxb6 Nxb6 18. g3 Nd7 19. Bxa6 Rxa6 $11 {1/2-1/2 (24) Dominguez Perez,L (2608)
-Nogueiras Santiago,J (2528) Merida 2002; and Black has a fine endgame after
O-O and ...Rc8.}) 11... h6 (11... Bxf2+ {looks slightly inferior for Black:}
12. Qxf2 Qxf2+ 13. Kxf2 O-O 14. Rhe1 Nc5 15. Ke3 Bd7 16. Ne2 Rac8 17. Ned4 Na4
18. Rab1 Na5 19. Kf2 Rc7 20. g4 Rb8 21. f5 $36 {(47) Vitiugov,N (2718)-Feygin,
M (2473) Novi Sad 2016, and White scored a very nice win.}) (11... b4 {is one
of the options for Black, but nowadays White has been scoring amazingly well.
The idea is to drive the white knight away from e2-d4, but then the queenside
gets weakened:} 12. Na4 $1 Bxf2+ 13. Qxf2 Qxf2+ 14. Kxf2 a5 {now White
prepares the strong break with c4} 15. Rac1 (15. Rhc1 $5 {is similar} Ke7 (
15... Ba6 16. Bxa6 Rxa6 17. c4 bxc3 18. Rxc3 Ke7 19. a3 Rha8 20. Rac1 Ndb8 21.
Rb3 Nd7 22. Rb7 Nd8 23. Rbc7 Ke8 24. Nd4 $16 {1-0 (31) Perunovic,M (2614)
-Simic,D (2309) Bar 2015}) 16. c4 $1 dxc4 17. Be4 Bb7 18. Rxc4 Rhc8 19. Rac1
Nd8 20. Bxb7 Rxc4 21. Rxc4 Nxb7 22. Rc7 Rb8 23. Nd4 Kd8 24. Rc4 $16 {1-0 (38)
Robson,R (2628)-Le,Q (2706) Saint Louis 2014; with a huge advantage in the
endgame.}) 15... Ba6 16. Bxa6 Rxa6 17. c4 $1 bxc3 18. Rxc3 Ke7 19. Rhc1 (19. a3
$1 {as in Perunovic - Simic, mentioned above, may be stronger}) 19... Nb4 $1
20. Rb3 Rc6 21. Rxc6 Nxc6 22. Rb7 Kd8 $1 $14 {1/2-1/2 (43) Karjakin,S (2776)
-Carlsen,M (2815) Monte Carlo 2011. White is still better, but Black is in
time for ...Kc8 and may put up a good resistance.}) (11... O-O $5 12. O-O Bxf2+
$5 {this is interesting, because it is similar to 11...Bxf2+ but here the
white king is much more passive on g1 (in the Vitiugov-Feygin game, it stood
very active on e3)} 13. Qxf2 $1 (13. Rxf2 f6 $1 14. exf6 Nxf6 $36 {½-½ (50)
Jones,G (2615)-Buhmann,R (2619) Reykjavik 2015, looks active for Black.}) 13...
Qxf2+ 14. Rxf2 Nc5 15. a3 (15. Ne2 $5 $146 b4 16. Ned4 Nxd4 17. Nxd4 a5 {
followed by ...Ba6, looks consistent for Black}) 15... b4 $1 16. axb4 Nxb4 17.
Bf1 Bd7 18. Nd4 f6 $5 {interesting, but} (18... Rfc8 $1 $11 {followed by Rab8,
was more solid and Black has good play on the queenside. It is not easy for
White to make any progress.}) 19. exf6 Rxf6 20. g3 g5 21. Bg2 gxf4 22. gxf4
Raf8 $132 {1/2-1/2 (44) Melia,S (2419)-Kazarian,A (2231) Baku 2016}) 12. a3 O-O
13. O-O Ra7 14. Rae1 b4 (14... Bxf2+ 15. Qxf2 b4 16. Ne2 Qxf2+ (16... Nc5 $1
$132) 17. Kxf2 bxa3 18. bxa3 g5 $6 {not the right moment to open up the
kingside} (18... Rc7 $132 {with counterplay on the c-file, looks acceptable
for Black}) 19. Ned4 $1 Nxd4 20. Nxd4 Nc5 21. fxg5 hxg5 22. Kg1 Kg7 23. Rf3 Rg8
24. Rg3 $16 {1-0 (47) Leko,P (2709)-Lou,Y (2458) Douglas 2016}) 15. axb4 Qxb4
16. f5 $1 {The position changes and now instead of a solid endgame, White is
looking to create direct threats against the black king.} exf5 17. Bxf5 Nb6 18.
Bd3 $1 {Maintaining this important attacking piece.} Bg4 19. Kh1 Bxf2 $2 (19...
Bxf3 $2 20. gxf3 $1 {and White has a very promising attack with Rg1 on the
next move} (20. Bxc5 $6 Qxc5 (20... Bxg2+ $2 {is a very important tempo that
Black can not afford to lose} 21. Qxg2 Qxc5 22. Rg1 $1 {and White wins:} f6 23.
exf6 Rxf6 24. Re8+ Rf8 25. Qg6 $1 $18) 21. gxf3 {threatening Rg1} Re7 $1 22.
Rg1 (22. f4 f6 23. exf6 Rxf6 $132) 22... Nxe5 23. Qxh6 Ng6 $1 24. Qh5 Rxe1 25.
Rxe1 Qb4 $1 $132 {with counterplay}) 20... Bxf2 (20... Re7 $2 {now the same
defence doesn't work} 21. Rg1 Nxe5 22. Rxe5 $1 Bxf2 (22... Rxe5 23. Qxh6 {
with mate}) 23. Rg4 $1 $18 {and White wins}) (20... f6 $2 21. exf6 Rxf6 22.
Re8+ Rf8 23. Qe2 $1 $18 {with a decisive attack (White is also threatening Na2)
}) 21. Qxf2 Re7 22. f4 $16 {looks scary for Black. And trying to break the
white centre also fails:} f6 $2 23. Qg2 $1 $18 {hitting d5 and threatening Qg6.
}) (19... Re7 $1 {was the best defence, starting direct play against the
e5-pawn:} 20. Bxc5 Qxc5 21. Qf4 Bxf3 22. gxf3 Nd7 $1 $13 {with many chances
for both sides.}) 20. Qxf2 {Threatening the subtle Na2! that wins because of
the hanging b6-knight. This threat causes Black to lose an important tempo,
and White takes advantage of it right away starting a strong initiative on the
kingside.} Rb8 21. Nh4 $1 Be6 22. Nf5 {It is already hard to give Black any
good advice.} Nd7 $2 (22... Qf8 {was the lesser evil} 23. Nxh6+ (23. Qg3 $5 $40
) 23... gxh6 24. Re3 {[%cal Ge3g3,Gf2f6] threatening Rg3+ followed by Qf6+ and
mate.} Nd7 25. Nxd5 $1 Bxd5 $2 (25... Kh8 26. Rg3 {[%cal Gd5f6]} Ncxe5 27. Nf6
Nxd3 28. Qxa7 N3c5 29. Rg8+ Qxg8 30. Nxg8 Kxg8 31. b3 $16 {achieving a weird
endgame, when White has the better chances because of the weakened black king})
26. Rg3+ Kh8 27. Qf5 $1 $18 {winning right away, the Qh7 threat will cause
severe material losses.}) 23. Nxd5 $1 {A very strong tactical blow from the
top Indian GM.} Qc5 (23... Bxd5 24. Qg3 $1 {is simply devastating. For example:
} g6 (24... Qf8 25. Nxh6+ Kh8 26. Nxf7+ $1 {winning, since} Bxf7 {leads to} 27.
Qh4+ $18 {and mate}) 25. Nxh6+ Kg7 26. e6 $1 Bxe6 27. Rxe6 $18 {with mate in a
few moves.}) 24. Nfe7+ $1 Nxe7 25. Nxe7+ Kh8 (25... Qxe7 26. Qxa7 $18) 26. Nc6
$1 $18 {Winning the exchange and the game.} (26. Qxc5 Nxc5 27. Nc6 $1 $18 {
was also very good.}) 26... Qxc6 27. Qxa7 Rxb2 28. Qd4 Rb6 29. Rb1 Rxb1 30.
Rxb1 1-0

[Event "Bundesliga 0102"]
[Site "Germany"]
[Date "2002.03.17"]
[Round "11.4"]
[White "Borriss, Martin"]
[Black "Knaak, Rainer"]
[Result "1-0"]
[WhiteElo "2445"]
[BlackElo "2494"]
[Annotator "Meyer,CD"]
[PlyCount "83"]
[EventDate "2001.10.06"]
[EventType "team-tourn"]
[EventRounds "15"]
[EventCountry "GER"]
[SourceTitle "CBM 088"]
[Source "ChessBase"]
[SourceDate "2002.03.21"]
[SourceVersion "1"]
[SourceVersionDate "2002.03.21"]
[SourceQuality "1"]
[WhiteTeam "Neukoelln"]
[BlackTeam "Werder Bremen"]
[WhiteTeamCountry "GER"]
[BlackTeamCountry "GER"]

1. e4 e6 2. d4 d5 3. Nc3 Nf6 4. e5 Nfd7 5. f4 c5 6. Nf3 Nc6 7. Be3 cxd4 8. Nxd4
Bc5 9. Qd2 a6 10. O-O-O Qc7 ({Üblich ist hier} 10... O-O {, z.B.} 11. h4 Nxd4
12. Bxd4 b5 13. Rh3 b4 14. Na4 Bxd4 15. Qxd4 a5 (15... f6 $2 16. Qxb4 {,
Kasparow - Short, Amsterdam 1994}) 16. Bb5 Rb8 17. Bd3 $14 {, Fjodorow -
Kortschnoi, Batumi/EU-chT 1999. Dem von Rainer Knaak gewählten (neuen) Plan,
den schwarzen König (zunächst) in der Mitte zu belassen und sofort am
Damenflügel aufzumarschieren, ist hier kein Erfolg beschieden.}) 11. h4 Nxd4
12. Bxd4 b5 13. g4 Bb7 14. g5 b4 15. Ne2 Be7 16. h5 a5 17. Kb1 a4 18. Rh3 Ba6
19. g6 fxg6 20. hxg6 h6 21. f5 $1 $40 {[#] Der schwarze Aufbau ist gescheitert,
der gegnerische Angriff erscheint bereits übermächtig (lt. Knaak).} {21...}
exf5 22. Nf4 $5 {Sehr optimistisch, aber auch außerordentlich gefährlich.} (22.
Bg2 $1 $16 {, Borriss/"Schach" 4/02}) 22... Bxf1 23. Ne6 $1 Qc4 24. b3 (24. Rh1
$5 Rg8 $5 (24... Be2 $2 25. b3 axb3 26. axb3 $16 {/+-, z.B.} Bg5 (26... Qc6 27.
Nxg7+ Kd8 (27... Kf8 28. Nxf5) 28. Qxe2 Qxg6 29. e6) 27. Nxg7+ Ke7 (27... Kf8
28. Ne6+ Kg8 29. Nxg5) 28. Nxf5+ Ke6 29. bxc4 Bxd2 30. Rxd2) 25. Rhxf1 Nf8 26.
b3 Qc6 (26... axb3 27. cxb3) 27. Nxf8 Rxf8 28. e6 $13) 24... axb3 25. axb3 {
(Siehe nächstes Dia) [#]} {25...} Qc6 $2 ({Das erforderliche} 25... Qe2 $8 {
mit hochkomplizierter, unklarer Lage hätte Weiß unter Beweisdruck gesetzt, z.B.
} 26. Nxg7+ (26. Rh1 $6 Nxe5 27. Rhxf1 Qxd2 28. Rxd2 Kd7) 26... Kd8 (26... Kf8
27. Nxf5 Qxd2 28. g7+ Kf7 29. gxh8=N+ Rxh8 30. e6+ Kxe6 31. Ng7+ Kd6 32. Nf5+
Ke6 (32... Kc7 $6 33. Rxd2 Bxh3 34. Nxe7) 33. Ng7+ Kd6 34. Nf5+ $11 {,
Dauerschach}) 27. Ne6+ Kc8 28. g7 Rg8 29. Rxh6 $44) 26. Nxg7+ Kd8 27. Rxf1 $18
Qa6 28. Qd3 Qa2+ 29. Kc1 Ra6 30. e6 Bg5+ 31. Kd1 Re8 32. Nxe8 Rxe6 33. Re3 (33.
Be3 $1 f4 (33... Rxe8 34. Bxg5+ hxg5 35. Qxf5) (33... Qa1+ 34. Ke2 Qb2 35. Rxf5
) 34. Bc1 Qa1 35. Rhf3) 33... Bxe3 34. Bxe3 Rxe8 (34... Kxe8 35. Bd4 $1 Rxg6
36. Qxf5) 35. Rxf5 Qa1+ 36. Kd2 Qc3+ 37. Qxc3 bxc3+ 38. Kd3 Ne5+ 39. Kxc3 Nxg6
40. Rxd5+ Kc7 41. Bxh6 Re4 42. Rd4 1-0

[Event "Doha FIDE GP (Women) 6th"]
[Site "Doha"]
[Date "2011.02.24"]
[Round "3"]
[White "Munguntuul, Batkhuyag"]
[Black "Danielian, Elina"]
[Result "0-1"]
[WhiteElo "2410"]
[BlackElo "2454"]
[Annotator "Mikhalchishin,A"]
[PlyCount "72"]
[EventDate "2011.02.22"]
[EventType "tourn"]
[EventRounds "11"]
[EventCountry "QAT"]
[EventCategory "10"]
[SourceTitle "CBM 141"]
[Source "ChessBase"]
[SourceDate "2011.03.17"]
[SourceVersion "1"]
[SourceVersionDate "2011.03.17"]
[SourceQuality "1"]
[WhiteClock "0:00:01"]
[BlackClock "0:00:02"]

1. e4 e6 2. d4 d5 3. Nc3 Nf6 4. e5 Nfd7 5. f4 c5 6. Nf3 Nc6 7. Be3 Be7 8. Qd2
O-O 9. dxc5 Bxc5 10. O-O-O Qa5 ({More popular is the immediate flank
counterplay} 10... a6) 11. Bxc5 Nxc5 12. h4 Bd7 ({Another sharp line is the
immediate preparation of an attack} 12... Rb8 {'!' Ftacnik} 13. Qe3 Bd7 14. h5
Rfc8 15. h6 g6 16. Kb1 Nb4 17. a3 Nxc2 18. Kxc2 b5 19. Rd4 Ne4 20. Kb3 $6 ({
Ther was the much better} 20. Rb4 Nxc3 21. bxc3 Qxa3 22. Qd4 a5 23. Rb3 Qa2+
24. Rb2 Qa1) 20... b4 21. Rxb4 Nxc3 22. bxc3 Qa4+ 23. Kb2 a5 24. Rxb8 Rxb8+ 25.
Kc1 Qxa3+ 26. Kd1 Qa1+ 27. Ke2 Rb2+ 28. Nd2 Qc1 {with a dangerous initiative,
Kurnosov,I-Kotsur,P, Moscow 2011}) 13. Rh3 ({It was possible to continue the
pawn attack, trying to create weaknesses in a simpler way:} 13. h5 Rab8 14. h6
g6 15. Qe3 Na4 16. Nxa4 Qxa4 17. Kb1 Rfc8 18. Rd2 Nb4 19. a3 Rxc2 20. axb4 Rc1+
21. Kxc1 Qa1+ 22. Kc2 Rc8+ 23. Qc3 Rxc3+ 24. Kxc3 Bb5 25. Kd4 $1 Bxf1 26. Rf2 {
and White wins material, Svidler,P-Riazantsev,A, Moscow 2008}) (13. Kb1 Rfc8
14. Rh3 Rab8 15. Rg3 Na4 16. Nxa4 Qxa4 17. a3 Ne7 18. Nd4 b5 19. c3 a5 20. Bd3
b4 21. Bc2 Qxa3 22. Qd3 bxc3 23. Qxh7+ Kf8 24. Qxg7+ Ke8 25. Qh8+ Ng8 26. Rxg8+
{1-0 Shadrina,T-Grabuzova,T, Sochi 2007}) 13... b5 $1 {This is Danielian's
aggressive style.} (13... a6 {would be much slower.}) (13... Rab8 14. h5 {
Speed of action is of the utmost importance in such positions, so White could
have considered also the immediate 14.f5!?} (14. f5 $5 exf5 15. Rg3 Ne6 (15...
Kh8 16. Rxg7 $1 (16. h5 $2 h6 $1) 16... Kxg7 17. Qg5+ Kh8 18. Qf6+ Kg8 19. Rxd5
(19. Ng5 $6 f4 20. h5 Ne7 21. Qxe7 Qd8 22. Qxc5 Qxg5 $15) 19... a6 20. Ng5 f4
21. Rxd7 $18) 16. Qh6 Nb4 (16... f4 17. Bd3 g6 18. Ng5 Nxg5 19. hxg5 Be6 20.
Rh1 $16) 17. Rxg7+ Nxg7 18. Ng5 Rfc8 19. Qxh7+ Kf8 20. Qh8+ Ke7 21. Qxg7 Rxc3
22. Qxf7+ Kd8 23. Qf6+ Kc7 24. Qd6+ Kc8 25. bxc3 $16) (14. Rg3 f5 15. Nd4 Rfc8
16. Kb1 Nxd4 17. Qxd4 Qc7 18. Bd3 Be8 19. Re3 b5 20. Rc1 b4 21. Ne2 Qa5 22. b3
Qb6 23. g4 fxg4 24. Rg3 h5 25. Qe3 a5 26. Nd4 a4 27. f5 Nxd3 28. cxd3 Rxc1+ 29.
Kxc1 Qc5+ 30. Kb1 axb3 31. axb3 Ra8 32. Rg2 Qa7 33. Nc2 Qxe3 34. Nxe3 d4 35.
Nc2 exf5 36. Rf2 Bb5 37. Nxd4 Bxd3+ 38. Kb2 Re8 39. Nxf5 Rxe5 40. Nd4 Re4 41.
Nf5 Re5 42. Nd4 Re4 43. Nf5 g6 44. Nd6 Re6 {0-1 Frolyanov,D -Lysyj,I Serpukhov
2008}) 14... b5 (14... h6 15. Rg3 Kh8 $13) 15. f5 $1 exf5 (15... b4 16. f6 $1
Ne7 $1 (16... bxc3 17. Qg5 g6 18. Qh6 cxb2+ 19. Kb1 $18) (16... Nxe5 17. Qg5
Ng6 18. fxg7 $18) 17. Qg5 $1 (17. fxe7 Rfc8 18. Rg3 $18) 17... Nf5 18. Nd4 h6
19. Qg4 Kh7 20. Nxf5 Rg8 21. Ne7 bxc3 22. Rxc3 $18) 16. Rg3 Ne6 (16... Kh8 17.
Rxg7 $1 Kxg7 18. Qg5+ Kh8 19. Qf6+ $1 (19. h6 Ne6 20. Qf6+ Kg8 21. Nxd5 Qd8 22.
Qxf5 $18) 19... Kg8 20. Ng5 $1 Ne6 21. Qxf5 $1 Nxg5 22. Qxg5+ Kh8 23. Qf6+ Kg8
24. h6 $18) 17. Qh6 Nb4 $1 {Riazantsev is doing the only correct thing by
lashing out against the white king in an attempt to slow down the action
against his own majesty.} (17... Kh8 18. Rxg7 Nxg7 19. Ng5 $18) (17... g6 18.
Nxd5 $18) 18. Rxg7+ Nxg7 19. Ng5 Rfc8 20. Qxh7+ Kf8 21. h6 $1 (21. Qh8+ Ke7 22.
Qxg7 Rxc3 23. Qxf7+ Kd8 24. Qf8+ Kc7 25. Qd6+ Kc8 26. bxc3 Nxa2+ 27. Kb2 Qxc3+
28. Kb1 Rb6 29. Qf8+ Kb7 30. Rd3 Qxe5 31. Kxa2 Rc6 $14) 21... Rxc3 22. Qxg7+ {
with a winning attack, but White managed to draw, Najer,E-Riazantsev,A, Sochi
2007 (Ftacnik)}) ({Some old specialists of the French know how to hold a
slightly worse typical French endgame, with the blokade on d4:} 13... Rac8 14.
Rg3 Ne7 15. Kb1 Na4 16. Nxa4 Qxd2 17. Rxd2 Bxa4 18. Nd4 Nc6 19. b3 Nxd4 20.
Rxd4 Bc6 21. h5 f6 22. exf6 Rxf6 23. Re3 Re8 24. Be2 e5 25. fxe5 Rfe6 26. Bf3
Rxe5 27. Red3 Rg5 28. Kb2 Ree5 29. Rf4 Ref5 30. Rdd4 h6 31. Rxf5 Rxf5 32. Kc3
Kf7 33. Kd3 Kf6 34. Ke3 Ke5 35. c3 Rg5 36. b4 Ke6 37. g4 Re5+ 38. Kf4 Bb5 39.
Rd1 Bc4 40. a4 Kd6 41. a5 Re6 42. Rd4 Rf6+ 43. Kg3 Ke5 44. Rd1 g5 45. hxg6 Rxg6
46. Rh1 Rf6 47. Rh5+ Kd6 48. Kf2 Re6 49. Rf5 b6 50. axb6 axb6 51. Rh5 Kc6 52.
Rf5 Kb5 53. Bxd5 {1/2 Bobras,P-Farago,I, Dresden 2009}) 14. f5 $5 ({It was
necessary to calculate the principal capture} 14. Bxb5 Nb4 (14... Rab8 15. Bxc6
Bxc6 16. Nd4 Rfc8 17. Kb1 $14) (14... Nxe5 15. Nxe5 Bxb5 16. Nxd5 $1 Qxa2 (
16... Qxd2+ 17. Rxd2 exd5 18. Rxd5 Rac8 19. Rc3 $18) 17. Ne7+ Kh8 18. Ra3 $1
Nd3+ 19. cxd3 Rac8+ 20. N5c6 $18) 15. Bxd7 (15. Nd4 Bxb5 16. Ncxb5 Ne4 17. Qe1
Qxa2 18. Ra3 Qc4 $13) 15... Nxa2+ 16. Nxa2 Qxa2 17. Qb4 {'!' Ftacnik.} Nxd7 18.
Nd4 {with advantage.} Rfb8 (18... Rab8 19. Qa3 Qxa3 20. Rxa3 Rb7 $14) (18...
Nb6 19. Ra3 Qc4 20. Qxc4 dxc4 21. Nb5 Nd5 22. g3 h5 23. Rd4 f6 24. exf6 gxf6
25. Rxc4 Rf7 26. Re4 Re7 27. c4 Nb4 28. Rae3 Rc8 29. Nd6 Rc6 30. Rxe6 Rd7 31.
Re8+ Kg7 32. R8e7+ Rxe7 33. Rxe7+ Kf8 34. Re8+ Kg7 35. Rd8 Nd3+ 36. Kc2 Nf2 37.
b4 {1-0 Klein,D-Firat,B, Porto Carras 2010}) 19. Qa3 Qxa3 20. Rxa3 $14) 14...
exf5 ({A crazy line could start after} 14... b4 15. Rg3 ({but the strongest
would be direct} 15. f6 {with a terrible attack.}) 15... Ne7 16. Rxg7+ Kxg7 17.
f6+ Kh8 18. fxe7 Rg8 19. Ng5) 15. Rg3 ({Even here would be a possible capture,
with the same idea to win control over the important strategic square d4.} 15.
Bxb5 Rab8 16. Bxc6 Bxc6 17. Nd4 Bd7 18. Rg3) 15... Ne7 {The knight has to try
to cement together the weakened kingside.} 16. Kb1 ({The quiet king move could
be replaced by the brave continuation} 16. h5 $5 b4 17. Rxg7+ Kxg7 18. Qg5+ Ng6
19. h6+ Kg8 20. Qf6 Ne6 21. Nd4 Qd8 22. Nxd5) 16... b4 17. Nxd5 Ne4 18. Qh6 $1
({A much more complicated way was} 18. Nxe7+ Kh8 19. Qxd7 Rad8 20. e6 fxe6 21.
Nc6 Rxd7 22. Rxd7 Qb6 23. Rgxg7 Nf6 24. Nfd4 Nxd7 25. Rxd7 Qc5 26. Be2 e5 27.
Ne6 Qxc6 28. Nxf8 Qxg2 29. Bh5 Qc6 {with a complete mess; evaluation - an
approximately equal position.}) 18... Ng6 ({Or} 18... Nxg3 19. Nf6+ gxf6 20.
exf6 Nh5 21. fxe7) 19. Rxg6 $1 fxg6 20. Ne7+ Kf7 21. Rxd7 $2 ({A mating attack
was possible after bringing the bishop into the play:} 21. Bc4+ Be6 22. Bxe6+
Kxe6 23. Nd4+ Kxe7 24. Nc6+ Ke6 25. Qxh7) 21... Rad8 $1 {Now White suddenly
faces huge problems.} 22. e6+ (22. Bc4+ {now loses:} Ke8 23. Rxd8+ Qxd8) 22...
Kxe6 23. Bc4+ ({It would be better to drive the black king into the centre:} 
23. Qxg7 Rxd7 24. Bc4+ Kd6 25. Qxf8 Rxe7 26. Qb8+ Kc5) 23... Kxd7 24. Qxg7 Ke8
$1 {Now White is lost.} 25. Kc1 Qc5 26. Nd5 Rxd5 27. Bxd5 Qxd5 28. Qxa7 Rf6 29.
Qb8+ Ke7 30. Qxb4+ Rd6 31. b3 h6 32. a4 g5 33. hxg5 hxg5 34. a5 g4 35. Nh4 Kf6
36. g3 Qe5 0-1

[Event "World Women-ch k.o."]
[Site "Teheran"]
[Date "2017.03.01"]
[Round "6.3"]
[White "Muzychuk, Anna"]
[Black "Tan, Zhongyi"]
[Result "1-0"]
[WhiteElo "2558"]
[BlackElo "2502"]
[Annotator "Moradiabadi,E"]
[PlyCount "63"]
[EventDate "2017.02.11"]
[EventType "k.o."]
[EventRounds "7"]
[EventCountry "IRI"]
[SourceTitle "CBM 177"]
[Source "ChessBase"]
[SourceDate "2017.03.16"]
[SourceVersion "1"]
[SourceVersionDate "2017.03.16"]
[SourceQuality "1"]

1. e4 e6 {Tan Zhongyi remains faithful to her French Defence.} 2. d4 d5 3. Nc3
Nf6 {No more Rubinstein today!} 4. e5 Nfd7 5. f4 c5 6. Nf3 Nc6 7. Be3 Be7 8.
Qd2 {This is one of the best known headaches for Black in this line!} O-O ({
In one of the rare successes of Black in this line, this year's dark horse of
Wijk aan Zee, GM Baskaran Adhiban played in the following fashion against
world championship finalist Sergey Karjakin:} 8... a6 9. a3 O-O 10. dxc5 Nxc5
11. Qf2 Nd7 $146 {An interesting novelty worthy of thorough investigation.} 12.
Nd4 Nxd4 13. Bxd4 f6 14. exf6 Bxf6 15. Bxf6 $6 {I am not sure about this move
but it is not easy to assess it with one look at the board.} Qxf6 16. g3 g5 17.
O-O-O gxf4 18. Kb1 f3 19. g4 Ne5 20. g5 Qg7 21. g6 hxg6 22. Bd3 Bd7 23. Rdg1
Nxd3 24. cxd3 Rf5 25. Rg4 Raf8 26. Rhg1 Be8 27. Nd1 Rh5 28. h4 Re5 29. Ne3 Bb5
30. Rd4 Re4 31. Rxg6 Bxd3+ {0-1 (31) Karjakin,S (2785)-Adhiban,B (2653) Wijk
aan Zee 2017}) 9. dxc5 Bxc5 10. O-O-O Qa5 11. a3 Be7 $6 {Despite Sadorra's
victory against Wesley So and Nepomniachtchi's against Shomoev, I consider
this move a serious inaccuracy.} 12. Bd3 $6 $146 {Could have been met with 12..
.Nc5.} (12. h4 {appeals more to me.} a6 13. Bd3 {and similar to the game the
threat of Bh7 is devastating.}) 12... a6 $6 (12... Nc5 {should have given
Black enough means to maintain dynamic equality.}) 13. h4 {Now the threat of
Bxh7 is imminent.} b5 $4 {This loses by force. It is strange that Tan Zhongyi
was not aware of this 'Greek gift' sacrifice. All of these moves and the
sacrifice have actually been played before!} (13... f6 {good or bad should
have been played.}) 14. Bxh7+ $1 {The Greek gift in the final of the women's
world chess championship!} Kxh7 15. Qd3+ $1 {The strongest according to
Houdini and colleagues!} Kg8 16. Ng5 f5 (16... Bxg5 17. hxg5 Rd8 18. Qh7+ Kf8
19. f5 exf5 20. Nxd5 {leads to inevitable mate.}) 17. Nxd5 $1 {Anna knows the
details to a T!} (17. Qe2 $1 Bxg5 18. hxg5 g6 19. Qf3 Ne7 20. Nxd5 Nxd5 21.
Rxd5 Kf7 22. Rdd1 {1-0 (22) Zaas,P (2224)-Greig,S (2164) ICCF email 2014})
17... b4 18. Nxe7+ Nxe7 19. Bd2 $2 (19. Qd6 bxa3 20. bxa3 {and the rest is
easy!}) 19... Rb8 $2 (19... Nd5 20. Qf3 Ra7 $1 21. Qh5 N7f6 22. exf6 gxf6 $13)
20. Qd6 {Anna is winning, the rest is just a vain struggle by Tan to save the
game but the game was over long before she signed the scoresheets!} Qc5 21.
Bxb4 Qxd6 22. Bxd6 Ng6 23. Nxe6 Re8 24. Bxb8 Rxe6 25. g3 Bb7 26. Rh2 Nc5 27.
Rd8+ Kh7 28. Bd6 Ne4 29. h5 Nh8 30. h6 Nf7 31. Rd7 Rxd6 32. Rxf7 1-0